000 00949nam a2200265Ia 4500
003 OSt
005 20221005113332.0
006 a|||||r|||| 00| 0
007 ta
008 221004b |||||||| |||| 00| 0 pan d
020 _a9788130204307 (hbk)
_cINR 600.00
024 _a38571
037 _b1019, 30/01/2018, H.K. Prakashan
_cTextual
040 _aCRL
_cCRL
_bpan
041 _2pan
_apan
082 _aO153,1N371:g, Q6
100 _aਯੋਗਰਾਜ, ਂਚ.
245 0 _aਰਵਿੰਦਰ ਸਿੰਘ ਰਵੀ ਦਾ ਸਮੀਖਿਆ ਦਰFਨ
260 _aਪਟਿਆਲਾ
_bਪੁਬਲੀਕੇFਨ ਬਿਊਰੋ ਭਾਰਤ
_c2016
300 _a524ਪ0
_ccm.
650 _a ਪੰਜਾਬੀ ਕਾਵਿ
650 _aਪੰਜਾਾਬੀ ਸਾਹਿਤ
942 _hO153,1N371:g, Q6
_cTEXL
_2cc
999 _c1027841
_d1027841